Pochodzenie nazw Koszutki i Wełnowca
| Titel: | Pochodzenie nazw Koszutki i Wełnowca / Zdzisław Jedynak |
|---|---|
| Verfasser: | |
| In: |
Szkice archiwalno-historyczne, Band 16 (2019), Seite 161-166 alle Artikel anzeigen |
| Veröffentlicht: | 2019 |
| Umfang: | 4 Illustrationen |
| Format: | Aufsatz |
| Sprache: | Polnisch |
X
alg: 51511698 001A $03025:29-01-24 001B $03025:29-01-24 $t15:21:16.000 001D $03025:29-01-24 001U $0utf8 001X $00 002@ $0Oou 002C $aText $btxt $2rdacontent 002D $aComputermedien $bc $2rdamedia 002E $aOnline-Ressource $bcr $2rdacarrier 003@ $051511698X 009Q $uhttps://katowice.ap.gov.pl/images/uploads/pliki/szkice-archiwalne-16-small.pdf $xVolltext 010@ $apol 010E $erda 011@ $a2019 021A $aPochodzenie nazw Koszutki i Wełnowca $hZdzisław Jedynak 028A $BVerfasser $4aut $7 $8Jedynak, Zdzisław [Tnd] $915552822X 031A $d16 $h161-166 $j2019 034M $a4 Illustrationen 037A $aErweiterte und ergänzte Fassung eines Textes, der in der Zeitschrift „Śląsk. Miesięcznik społeczno-kulturalny” 2019, nr 4 (281), S. 78-79, erschien 039B $aEnthalten in $8--Obvc--. Szkice archiwalno-historyczne. - Katowice, 1998-. - Online-Ressource $x201900000160000839 $9336305729 044K $RKattowitz $RStalinogród $#Kattowitz 1922- $71028347-X $8Katowice [Tg1] $9042044391 044K $RGeografischer Name $#Toponymy $#Toponymie $#Historischer Ortsname $#Siedlungsname $#Toponym $#Toponymikon $#Ortsnamen $74043950-1 $8Ortsname [Ts1] $9085122882 044K $RTechnische Anlage $RMühlenwirtschaft $RMühle $RKraftmaschine $#Mills and mill-work $#Moulins $#Molinos $#Mühlenanlage $74040457-2 $8Mühle [Ts1] $9085110590 044K $RFließgewässer $RFlusskunde $#Rivers $#Cours d'eau $#Fiumi $#rivers $#Fluss $#Fluss $#Flüsse $74131972-2 $8Fluss [Ts1] $9085472875 045F $a417.70943850903 $eDDC23BSB 045F/01 $a417.7 045F/03 $f0903 045F/03 $g4385 045F/03 $g438 045R $aGeschichte 1600-1787 lok: 51511698 78 exp: 51511698 78 1 #EPN 201B/01 $029-01-24 $t15:08:59.000 201C/01 $029-01-24 201U/01 $0utf8 203@/01 $01255430672 208@/01 $a29-01-24 $be 209A/01 $a/ $f000 $x00 209A/01 $ab*p $x01 209A/01 $aDeutsche Zusammenfassung, S. 166: Der Ursprung der Ortsnamen Koszutka und Wełnowiec; englische Zusammenfassung, S. 166: The Origin of the Names Koszutka and Wełnowiec $x03 220C/01 $apgar 244Z/01 $#Generalgouvernement Polen $#Polska $#Rzeczpospolita Polska $#Polska Rzeczpospolita Ludowa $#Poland $#Pologne $#République Polonaise $#Generalne Gubernatorstwo w Polsce $#Polish People's Republic $#Polska Rzeczpospolita Polen $#PRL $#RP $#Polen Generalgouvernement $#Polska Generalgouvernement $#Besetzte Polnische Gebiete $#Besetztes Gebiet in Polen $#Okupowane Polskie Obszary $#Obszary Okupowane w Polsce $#Volksrepublik Polen $#Polska Rosyjska $#Republic Polen $#Respublika Pol'ša $#Pol'skaja Narodnaja Respublika $#République de Pologne $#Polen Links der Weichsel $#Polska po Lewej Stronie Wisły $#Lenkija $#Polija $#Gubernija Carstva Pol'skago $#Republik Polen $74046496-9 $8--Tg1--Polen $x01 $9085129801 244Z/01 $#Schlesien $#Schlesien $#Herzogtum Schlesien $#Herzogtum Schlesien Schlesien $#Provinz Schlesien $#Śla̜sk $#Slezsko $#Silesia $74052678-1 $8--Tg1--Schlesien $x02 $9085146781 247C/01 $82080>Marburg/Lahn, Herder-Institut, Forschungsbibliothek, Bibliographieportal $9336309341
| LEADER | 00000naa a2200000 c 4500 | ||
|---|---|---|---|
| 001 | 51511698X | ||
| 003 | DE-603 | ||
| 005 | 20240129152116.0 | ||
| 007 | cr|||||||||||| | ||
| 008 | 240129s2019 xx |||| o| u00||u|pol c | ||
| 035 | |a (DE-599)HEB51511698X | ||
| 040 | |a DE-603 |b ger |c DE-603 |d DE-603 |e rda | ||
| 041 | |a pol | ||
| 082 | 0 | 4 | |8 1\u |a 417.70943850903 |q DE-101 |2 23/BSB |
| 085 | |8 1\u |b 417.7 | ||
| 085 | |8 1\u |z 1 |s 0903 | ||
| 085 | |8 1\u |z 2 |s 4385 | ||
| 085 | |8 1\u |z 2 |s 438 | ||
| 100 | 1 | |a Jedynak, Zdzisław |e Verfasser |4 aut |0 (DE-603)15552822X | |
| 245 | 0 | 0 | |a Pochodzenie nazw Koszutki i Wełnowca |c Zdzisław Jedynak |
| 264 | 0 | |c 2019 | |
| 300 | |b 4 Illustrationen | ||
| 336 | |a Text |b txt |2 rdacontent | ||
| 337 | |a Computermedien |b c |2 rdamedia | ||
| 338 | |a Online-Ressource |b cr |2 rdacarrier | ||
| 500 | |a Erweiterte und ergänzte Fassung eines Textes, der in der Zeitschrift „Śląsk. Miesięcznik społeczno-kulturalny” 2019, nr 4 (281), S. 78-79, erschien | ||
| 648 | 7 | |a Geschichte 1600-1787 |2 gnd | |
| 650 | 7 | |a Ortsname |0 (DE-588)4043950-1 |0 (DE-603)085122882 |2 gnd | |
| 650 | 7 | |a Mühle |0 (DE-588)4040457-2 |0 (DE-603)085110590 |2 gnd | |
| 650 | 7 | |a Fluss |0 (DE-588)4131972-2 |0 (DE-603)085472875 |2 gnd | |
| 651 | 7 | |a Katowice |0 (DE-588)1028347-X |0 (DE-603)042044391 |2 gnd | |
| 773 | 0 | 8 | |i Enthalten in |t Szkice archiwalno-historyczne |d Katowice, 1998- |h Online-Ressource |g Band 16 (2019), Seite 161-166 |w (DE-603)336305729 |w (DE-600)2756549-X |
| 856 | |u https://katowice.ap.gov.pl/images/uploads/pliki/szkice-archiwalne-16-small.pdf | ||
| 924 | 1 | |9 2080 |a (DE-603)1255430672 |b DE-2080 |c HES |d d |g / | |


